000 00309pam a2200133 a 4500
020 _a0-7494-2676-4
_c
041 _h
082 _a658.8
_bWIN
100 _aWINTER C.D.,
245 _aSELLING BY TELEPHONE
_hTextual Documents
260 _aLONDON
_bKOGAN PAGE LTD
_c1998
300 _aXIII+127
930 _a9743
999 _c129196
_d129196